[Event "SR 3. liga A2 2008/2009"]
[Site "?"]
[Date "2009.01.11"]
[Round "5.3"]
[White "Liptak, Tomas"]
[Black "Gono, Michal"]
[Result "1-0"]
[WhiteElo "2021"]
[BlackElo "1854"]
[PlyCount "75"]
[EventDate "2008.??.??"]

1. e4 c6 2. d4 d5 3. e5 Bf5 4. Nc3 h6 5. g4 Bc8 6. Bd3 e6 7. Nge2 c5 8. dxc5
Bxc5 9. Ng3 Nc6 10. f4 Nge7 11. Nh5 O-O 12. Na4 Bb4+ 13. c3 Ba5 14. Bc2 d4 15.
b4 Bc7 16. Qd3 Ng6 17. b5 Nce7 18. c4 Ba5+ 19. Kf1 b6 20. h4 Bb7 21. Rh2 Rc8
22. Ng3 Qc7 23. h5 Qxc4 24. hxg6 Qxd3+ 25. Bxd3 Nxg6 26. Rf2 Rfd8 27. Ke2 Ne7
28. Bd2 Bxd2 29. Kxd2 Nd5 30. Ne4 Nc3 31. Naxc3 dxc3+ 32. Kc2 Bxe4 33. Bxe4 Rd4
34. Bd3 Rb4 35. Rb1 Ra4 36. Kb3 Rd4 37. Rd1 Rc5 38. Bh7+ 1-0

[Event "SR 3. liga A2 2008/2009"]
[Site "?"]
[Date "2009.01.11"]
[Round "5.4"]
[White "Gono, Pavol"]
[Black "Vagovsky, Jozef"]
[Result "1/2-1/2"]
[WhiteElo "1988"]
[BlackElo "1986"]
[PlyCount "24"]
[EventDate "2008.??.??"]

1. e4 e6 2. d4 d5 3. Nd2 c5 4. exd5 exd5 5. dxc5 Bxc5 6. Nb3 Bd6 7. Nf3 Ne7 8.
Nbd4 Nbc6 9. Be2 O-O 10. O-O a6 11. c3 Qc7 12. b4 Bd7 $11 1/2-1/2

[Event "SR 3. liga A2 2008/2009"]
[Site "?"]
[Date "2009.01.11"]
[Round "5.5"]
[White "Skapikova, Lubica"]
[Black "Mihalik, Anton"]
[Result "0-1"]
[WhiteElo "1958"]
[BlackElo "1959"]
[PlyCount "78"]
[EventDate "2008.??.??"]

1. e4 c5 2. Nf3 d6 3. d4 cxd4 4. Nxd4 Nf6 5. Nc3 a6 6. Bg5 e6 7. Qd2 Be7 8.
O-O-O Qc7 9. f4 Nbd7 10. Be2 b5 11. Bf3 Bb7 12. Bxf6 Nxf6 13. e5 dxe5 14. fxe5
Bxf3 15. Nxf3 Nd7 16. Rhf1 Nb6 17. Qf4 O-O 18. h4 b4 19. Ne2 Rac8 20. Rd2 Nc4
21. Ned4 Nxd2 22. Qxd2 Qc4 23. Qe2 Qxa2 24. Nd2 Qd5 25. N2f3 a5 26. Rd1 Rfd8
27. Kb1 Bc5 28. c3 bxc3 29. bxc3 Rb8+ 30. Ka1 Qb7 31. Qc2 h6 32. g4 Bxd4 33.
Nxd4 Qe7 34. Qa4 Qxh4 35. Nc6 Rxd1+ 36. Qxd1 Rc8 37. Nxa5 Ra8 38. Qa4 Qe1+ 39.
Kb2 Qxe5 0-1

[Event "SR 3. liga A2 2008/2009"]
[Site "?"]
[Date "2009.01.11"]
[Round "5.6"]
[White "Curidlo, Jan"]
[Black "Hornak, Pavol"]
[Result "0-1"]
[WhiteElo "1979"]
[BlackElo "1743"]
[PlyCount "52"]
[EventDate "2008.??.??"]

1. e4 c5 2. Nf3 d6 3. d4 cxd4 4. Nxd4 Nf6 5. Nc3 a6 6. Bg5 e6 7. f4 Qc7 8. Qf3
Nc6 9. O-O-O Nxd4 10. Rxd4 Bd7 11. Be2 Bc6 12. Bxf6 gxf6 13. g4 O-O-O 14. Rhd1
Kb8 15. h4 Bg7 16. Rb4 Ka8 17. Qe3 Rb8 18. Rb6 Bh6 19. g5 fxg5 20. hxg5 Bg7 21.
Rd3 h6 22. Nd1 hxg5 23. Ra3 Rbc8 24. Bxa6 Kb8 25. Rxb7+ Bxb7 26. Bxb7 Qxc2# 0-1

[Event "SR 3. liga A2 2008/2009"]
[Site "?"]
[Date "2009.01.11"]
[Round "5.7"]
[White "Markuliak, Mario"]
[Black "Slaby, Jozef"]
[Result "1/2-1/2"]
[WhiteElo "1702"]
[BlackElo "1930"]
[PlyCount "95"]
[EventDate "2008.??.??"]

1. c4 Nf6 2. Nc3 e6 3. g3 d5 4. cxd5 exd5 5. d4 c6 6. Bg2 Bf5 7. Nf3 h6 8. O-O
Bd6 9. Bd2 O-O 10. Rc1 Nbd7 11. Na4 Ne4 12. b4 Qe7 13. Nc5 Ndf6 14. a3 Rac8 15.
Ne5 Nxc5 16. bxc5 Bxe5 17. dxe5 Qxe5 18. Bf4 Qe6 19. Re1 Rfe8 20. Qa4 a6 21.
Rc3 Qd7 22. Qb4 Re6 23. Rb3 Rce8 24. e3 Ne4 25. f3 Nf6 26. Kf2 g5 27. Bd6 g4
28. Qxb7 Qxb7 29. Rxb7 Bd3 30. Rb6 Bb5 31. a4 Bxa4 32. Rxa6 Bb5 33. Ra3 gxf3
34. Bxf3 Nd7 35. Bg4 Rf6+ 36. Kg2 Ne5 37. Bxe5 Rxe5 38. Be2 Bxe2 39. Rxe2 d4
40. Rf2 Rxf2+ 41. Kxf2 dxe3+ 42. Ke2 Rxc5 43. Kxe3 f6 44. Ra7 Rc2 45. h4 c5 46.
Kf4 Rf2+ 47. Ke3 Rc2 48. Kf4 1/2-1/2

[Event "SR 3. liga A2 2008/2009"]
[Site "?"]
[Date "2009.01.11"]
[Round "5.8"]
[White "Manak, Adrian"]
[Black "Olos, Stanislav"]
[Result "1-0"]
[WhiteElo "1637"]
[BlackElo "1587"]
[PlyCount "55"]
[EventDate "2008.??.??"]

1. d4 Nf6 2. c4 e6 3. Nc3 d5 4. Nf3 c5 5. cxd5 cxd4 6. Qa4+ Qd7 7. Nb5 Nxd5 8.
Ne5 Qd8 9. Nd6+ Ke7 10. Ndxf7 Qc7 11. Bg5+ Nf6 12. Rc1 Nc6 13. Bf4 Qb6 14. Nxh8
Nxe5 15. Bxe5 Bd7 16. Qxd4 Qa5+ 17. Qc3 Qb6 18. Qh3 Qa5+ 19. Bc3 Qxa2 20. Bxf6+
Ke8 21. Qh5+ g6 22. Nxg6 Bb4+ 23. Bc3 Bxc3+ 24. bxc3 hxg6 25. Qxg6+ Kd8 26. e3
Kc7 27. Qg3+ Kc8 28. Be2 1-0

[Event "SR 3. liga A2 2008/2009"]
[Site "?"]
[Date "2009.01.11"]
[Round "5.1"]
[White "Synak, Jan"]
[Black "Halas, Miroslav"]
[Result "1/2-1/2"]
[WhiteElo "1964"]
[BlackElo "1939"]
[Annotator ",Jozef"]
[PlyCount "92"]
[EventDate "2008.??.??"]

1. Nf3 d6 2. d4 g6 3. e4 Bg7 4. Bc4 Nf6 5. Nc3 c6 6. a4 Qb6 7. h3 O-O 8. Bb3
Qc7 9. Qe2 e5 10. dxe5 dxe5 11. Be3 b6 12. O-O Bb7 13. Rfd1 Qe7 14. Qd2 Nbd7
15. Qd6 Qxd6 16. Rxd6 Rfd8 17. Ng5 Rf8 18. Rad1 Rad8 19. a5 h6 20. Nf3 Rfe8 21.
axb6 Bf8 22. R6d2 Kg7 23. Na4 Bb4 24. c3 Be7 25. bxa7 c5 26. Bd5 Nxd5 27. exd5
Bd6 28. c4 e4 29. Ne1 Ra8 30. Nc3 Rxa7 31. Nb5 Ra6 32. Nxd6 Rxd6 33. b4 Rc8 34.
bxc5 Nxc5 35. Ra2 Ba6 36. Rc2 Nd3 $11 37. Nxd3 exd3 38. Rxd3 Rxc4 39. Ra2 Rc1+
40. Bxc1 Bxd3 41. Bb2+ f6 42. Ra7+ Kg8 43. Re7 Bc4 44. Re6 Rxe6 45. dxe6 Bxe6
46. Bxf6 Kf7 1/2-1/2

[Event "SR 3. liga A2 2008/2009"]
[Site "?"]
[Date "2009.01.11"]
[Round "5.2"]
[White "Klanica, Anton"]
[Black "Gajarsky, Roman"]
[Result "0-1"]
[WhiteElo "1956"]
[BlackElo "1943"]
[PlyCount "94"]
[EventDate "2008.??.??"]

1. e4 e5 2. Nf3 d6 3. Bc4 c5 4. d3 h5 5. O-O Bg4 6. h3 Be6 7. Bxe6 fxe6 8. Nh2
Nf6 9. f4 exf4 10. Rxf4 Qb6 11. c4 Nc6 12. Rf2 O-O-O 13. Nc3 d5 14. exd5 exd5
15. Qa4 Qb4 16. a3 Qxa4 17. Nxa4 dxc4 18. dxc4 Na5 19. Be3 Nb3 20. Raf1 Bd6 21.
Nc3 Be5 22. Rc2 Rd3 23. Re1 Re8 24. Nf1 Bd4 25. Rce2 Bxc3 26. bxc3 Rxc3 27. Ng3
Rxc4 28. Nf5 Kd7 29. Rd1+ Nd4 30. Nxg7 Re4 31. Nf5 Ke6 32. Ng7+ Kf7 33. Rb2
Rxe3 34. Rxb7+ Re7 35. Rdb1 Rxb7 36. Rxb7+ Kg6 37. Rxa7 Rc2 38. g4 c4 39. Nf5
Nxf5 40. gxf5+ Kxf5 41. Ra5+ Ke4 42. Ra6 Ke5 43. Kf1 c3 44. Ke1 Rh2 45. Kd1
Rxh3 46. Kc2 Nd5 47. Ra8 Rh2+ 0-1

[Event "SR 3. liga A2 2008/2009"]
[Site "?"]
[Date "2009.01.11"]
[Round "5.3"]
[White "Kollarik, Gorazd"]
[Black "Hagara, Vladimir"]
[Result "1/2-1/2"]
[WhiteElo "1941"]
[BlackElo "1969"]
[PlyCount "41"]
[EventDate "2008.??.??"]

1. e4 e6 2. d4 d5 3. Nc3 dxe4 4. Nxe4 Nd7 5. Nf3 Ngf6 6. Bg5 Be7 7. Nxf6+ Nxf6
8. Bd3 O-O 9. O-O b6 10. Bxf6 Bxf6 11. Be4 Rb8 12. Ne5 Bxe5 13. dxe5 Qxd1 14.
Raxd1 Ba6 15. Rfe1 Rfd8 16. g3 c5 17. Bg2 Kf8 18. Bf1 Bb7 19. Bg2 Ba6 20. Bf1
Bb7 21. Bg2 1/2-1/2

[Event "SR 3. liga A2 2008/2009"]
[Site "?"]
[Date "2009.01.11"]
[Round "5.4"]
[White "Bahna, Jan"]
[Black "Slamena, Michal"]
[Result "1-0"]
[WhiteElo "1934"]
[BlackElo "1944"]
[PlyCount "89"]
[EventDate "2008.??.??"]

1. e4 d6 2. d4 Nf6 3. Nc3 g6 4. Nf3 Bg7 5. Be2 O-O 6. O-O Nc6 7. h3 e5 8. d5
Ne7 9. Nh2 c6 10. dxc6 bxc6 11. f4 exf4 12. Bxf4 d5 13. Bg5 Qb6+ 14. Kh1 Qxb2
15. Qd2 d4 16. Bxf6 Bxf6 17. Na4 Qa3 18. Rxf6 Qxa4 19. Nf3 Kg7 20. Rf4 f5 21.
Rh4 h5 22. Nxd4 f4 23. c3 c5 24. Nb5 Rb8 25. Rxf4 Rxb5 26. Rxf8 Kxf8 27. Qd8+
Kf7 28. Rf1+ Ke6 29. e5 Rb6 30. Rf6+ Kxe5 31. Qxe7+ Be6 32. Qg7 Qh4 33. Rxg6+
Kd6 34. Qf8+ Kd7 35. Rg7+ Kc6 36. Bf3+ Kb5 37. Qe8+ Kc4 38. Qa4+ Rb4 39. cxb4
Qe1+ 40. Kh2 Qe5+ 41. Rg3 cxb4 42. Qc6+ Kd4 43. Bxh5 Bxa2 44. Qa4 Bc4 45. Qxa7+
1-0

[Event "SR 3. liga A2 2008/2009"]
[Site "?"]
[Date "2009.01.11"]
[Round "5.5"]
[White "Racik, Marek"]
[Black "Holicky, Miroslav"]
[Result "1-0"]
[WhiteElo "1932"]
[BlackElo "1872"]
[PlyCount "73"]
[EventDate "2008.??.??"]

1. Nf3 b5 2. g3 Bb7 3. Bg2 e6 4. O-O Nf6 5. d4 d6 6. b3 Nbd7 7. Bb2 Be7 8. Na3
a6 9. c4 b4 10. Nc2 c5 11. dxc5 dxc5 12. Nce1 O-O 13. Qc2 Be4 14. Nd3 Qc7 15.
Rad1 Rad8 16. Qb1 Qb7 17. Qa1 Ne8 18. Rd2 Bf6 19. Rfd1 Qc7 20. Nde5 Nxe5 21.
Rxd8 Nxf3+ 22. exf3 Bxd8 23. fxe4 Bf6 24. e5 Be7 25. a3 a5 26. axb4 axb4 27.
Qa4 Qb6 28. Rd7 Bg5 29. f4 Bh6 30. Qb5 Qxb5 31. cxb5 g5 32. Bc1 gxf4 33. gxf4
f6 34. b6 fxe5 35. b7 Nf6 36. Rc7 Rd8 37. Rc8 1-0

[Event "SR 3. liga A2 2008/2009"]
[Site "?"]
[Date "2009.01.11"]
[Round "5.6"]
[White "Svoboda, Adam"]
[Black "Barca, Michal"]
[Result "1-0"]
[WhiteElo "1815"]
[BlackElo "1783"]
[PlyCount "75"]
[EventDate "2008.??.??"]

1. e4 e5 2. Nf3 d6 3. d4 exd4 4. Nxd4 Nf6 5. Nc3 Be7 6. Bc4 O-O 7. O-O Re8 8.
Re1 Nbd7 9. f4 Nb6 10. Qd3 Bf8 11. Bd2 c6 12. e5 dxe5 13. fxe5 Nfd5 14. Nxd5
Nxd5 15. Nf3 Be7 16. Bxd5 Qxd5 17. Qxd5 cxd5 18. Be3 b6 19. Rad1 Bb7 20. Bf2
Rac8 21. c3 Bc5 22. Nd4 Re7 23. e6 f6 24. Nf5 Ree8 25. Bxc5 Rxc5 26. Nd6 Re7
27. Nxb7 Rb5 28. b3 g6 29. c4 dxc4 30. Rd8+ Kg7 31. Rd7 Kf8 32. bxc4 Rb2 33.
Nd8 Ke8 34. Red1 Kf8 35. Rxe7 Kxe7 36. Rd7+ Ke8 37. Nc6 Kf8 38. Rd8+ 1-0

[Event "SR 3. liga A2 2008/2009"]
[Site "?"]
[Date "2009.01.11"]
[Round "5.7"]
[White "Majtan, Martin"]
[Black "Herega, Jozef"]
[Result "1/2-1/2"]
[WhiteElo "1572"]
[BlackElo "1880"]
[PlyCount "109"]
[EventDate "2008.??.??"]

1. e4 c5 2. Nc3 g6 3. g3 Bg7 4. Bg2 Nc6 5. f4 d6 6. d3 Nf6 7. Be3 Rb8 8. Qd2
Ng4 9. Nge2 b5 10. e5 Nb4 11. Rc1 dxe5 12. Bxc5 a5 13. Bxb4 axb4 14. Ne4 exf4
15. Qxf4 Bh6 16. Qxb8 Bxc1 17. Nxc1 Ne3 18. Bh3 Bxh3 19. Qe5 O-O 20. Nf2 Ng4
21. Nxg4 Bxg4 22. Nb3 Qa8 23. Qe4 Qxe4+ 24. dxe4 Bf3 25. Rf1 Bxe4 26. Nd4 Bxc2
27. Nxc2 e5 28. Nxb4 Rc8 29. Ke2 f5 30. Rd1 Rc4 31. Nd5 Kf7 32. Nc3 b4 33. Na4
Ke6 34. b3 Rc2+ 35. Rd2 Rc1 36. Kf2 g5 37. Nb6 Rc5 38. Nc4 Ke7 39. Nb6 Ke6 40.
Nd7 Rc8 41. Ke2 f4 42. Kf3 h5 43. Ke4 Rc1 44. Nf8+ Kf7 45. Nh7 Kg6 46. Rd7 Re1+
47. Kf3 g4+ 48. Kf2 fxg3+ 49. hxg3 Rc1 50. Nf8+ Kf5 51. Rb7 Rc2+ 52. Kf1 Ke4
53. Ng6 Ke3 54. Nxe5 Rc1+ 55. Kg2 1/2-1/2

[Event "SR 3. liga A2 2008/2009"]
[Site "?"]
[Date "2009.01.11"]
[Round "5.8"]
[White "Steinecker, Frantisek"]
[Black "Cernay, Rastislav"]
[Result "1-0"]
[WhiteElo "1723"]
[BlackElo "1495"]
[PlyCount "37"]
[EventDate "2008.??.??"]

1. Nf3 Nc6 2. b3 e5 3. e4 Bc5 4. Bb2 d6 5. Be2 Nf6 6. d3 O-O 7. O-O Bg4 8. h3
Bh5 9. Nbd2 Qd7 10. a3 a5 11. Nc4 b5 12. Ne3 Ne7 13. Nh4 Bxe2 14. Qxe2 h6 15.
Kh1 Nh7 16. Nhf5 Ng5 17. Qg4 Ng6 18. Nxh6+ gxh6 19. Qxd7 1-0

[Event "SR 3. liga A2 2008/2009"]
[Site "?"]
[Date "2009.01.11"]
[Round "5.1"]
[White "Janko, Ladislav"]
[Black "Csiba, Dominik"]
[Result "0-1"]
[WhiteElo "2258"]
[BlackElo "2169"]
[PlyCount "62"]
[EventDate "2008.??.??"]

1. e4 c5 2. Nf3 d6 3. d4 cxd4 4. Nxd4 Nf6 5. Nc3 a6 6. g3 e5 7. Nde2 Be7 8. Bg2
Be6 9. O-O b5 10. h3 Nbd7 11. Be3 O-O 12. a4 b4 13. Nd5 Bxd5 14. exd5 Qc7 15.
Qd2 Rfc8 16. c3 b3 17. Ra3 Rab8 18. Nc1 e4 19. Bd4 Qc4 20. Bxf6 Bxf6 21. Ne2
Nc5 22. Rd1 Nxa4 23. Nf4 Bxc3 24. Rxa4 Qxa4 25. bxc3 b2 26. Rb1 f5 27. Bf1 Qa2
28. Qd1 Rxc3 29. Ne2 Rc5 30. Kg2 a5 31. Nf4 Qxb1 0-1

[Event "SR 3. liga A2 2008/2009"]
[Site "?"]
[Date "2009.01.11"]
[Round "5.2"]
[White "Lesny, Stefan"]
[Black "Kantor, Reka"]
[Result "1-0"]
[WhiteElo "2105"]
[BlackElo "1903"]
[PlyCount "75"]
[EventDate "2008.??.??"]

1. e4 e5 2. Nf3 Nc6 3. Bc4 Bc5 4. c3 Nf6 5. d3 O-O 6. O-O d6 7. h3 Be6 8. Nbd2
a6 9. Ng5 Bxc4 10. Nxc4 b5 11. Ne3 h6 12. Nf3 Ne7 13. Nh4 Ng6 14. Nhf5 c6 15.
Qf3 Qd7 16. Nxh6+ gxh6 17. Qxf6 Qe6 18. Qf3 Bxe3 19. Bxe3 Kh7 20. Qh5 Ne7 21.
f4 Qg6 22. Qf3 exf4 23. Qxf4 Rg8 24. Rf2 Raf8 25. Qh4 Nc8 26. Raf1 f5 27. exf5
Rxf5 28. g4 Rxf2 29. Rxf2 Qe6 30. Bd2 Rg6 31. Qd8 Rxg4+ 32. hxg4 Qxg4+ 33. Kh2
Qh5+ 34. Kg3 Qe5+ 35. Bf4 Qg7+ 36. Kh2 Qg4 37. Qc7+ Kh8 38. Be5+ 1-0

[Event "SR 3. liga A2 2008/2009"]
[Site "?"]
[Date "2009.01.11"]
[Round "5.3"]
[White "Kantor, Tamas st"]
[Black "Kolesar, Rastislav"]
[Result "0-1"]
[WhiteElo "2028"]
[BlackElo "1978"]
[PlyCount "64"]
[EventDate "2008.??.??"]

1. e4 c6 2. d4 d5 3. Nc3 dxe4 4. Nxe4 Bf5 5. Ng3 Bg6 6. h4 h6 7. h5 Bh7 8. Nf3
Nd7 9. Bd3 Bxd3 10. Qxd3 e6 11. Be3 Qa5+ 12. Bd2 Bb4 13. Qb3 Bxd2+ 14. Nxd2 Ne7
15. O-O-O O-O 16. Nge4 c5 17. Nc4 Qc7 18. Ncd6 b6 19. Qg3 Nd5 20. Nb5 Qc6 21.
Nec3 N7f6 22. Qe5 Rfd8 23. g4 a6 24. g5 hxg5 25. Qxg5 axb5 26. Rdg1 Ne8 27. h6
g6 28. h7+ Kh8 29. Qe5+ Ndf6 30. Qh2 cxd4 31. Qh6 Ng7 32. Nb1 Rac8 0-1

[Event "SR 3. liga A2 2008/2009"]
[Site "?"]
[Date "2009.01.11"]
[Round "5.4"]
[White "Csiba, Peter"]
[Black "Szekely, Stefan"]
[Result "1-0"]
[WhiteElo "2041"]
[BlackElo "2038"]
[PlyCount "63"]
[EventDate "2008.??.??"]

1. e4 d6 2. d4 Nf6 3. Nc3 g6 4. Bg5 c6 5. Qd2 Qa5 6. Be2 Bg7 7. O-O-O h6 8. Be3
Be6 9. f3 Bxa2 $11 10. Nxa2 Qxa2 11. Qc3 Qe6 12. h4 Nh5 13. Bc4 d5 14. Qb3 b5
15. Bd3 O-O 16. g4 Nf6 17. g5 hxg5 18. hxg5 Nfd7 19. Ne2 Nb6 20. Nf4 Qd7 21. c3
Nc4 22. Bxc4 bxc4 23. Qc2 Na6 24. Qh2 Rfc8 25. Qh7+ Kf8 26. Rh2 e6 27. Ne2 Rab8
28. Bf4 Qb7 29. Ng3 Qb3 30. Bd6+ Ke8 31. Qxg7 Kd7 32. Qxf7+ 1-0

[Event "SR 3. liga A2 2008/2009"]
[Site "?"]
[Date "2009.01.11"]
[Round "5.5"]
[White "Puobis, Jozef"]
[Black "Ujhelyi, Matus"]
[Result "0-1"]
[WhiteElo "2015"]
[BlackElo "1926"]
[PlyCount "68"]
[EventDate "2008.??.??"]

1. e4 e6 2. d4 d5 3. Nc3 dxe4 4. Nxe4 Nd7 5. Nf3 Ngf6 6. Bd3 Be7 7. Qe2 O-O 8.
O-O b6 9. c3 Bb7 10. Ne5 c5 11. Nxd7 Qxd7 12. Nxf6+ Bxf6 13. dxc5 Qc6 14. f3
Qxc5+ 15. Be3 Qc7 16. Qc2 g6 17. Rad1 Rad8 18. Qa4 Bc6 19. Qb4 Rd7 20. Bf4 Be5
21. Bxe5 Qxe5 22. Rde1 Qg5 23. Be4 Bxe4 24. Qxe4 Rfd8 25. f4 Qb5 26. Qe2 Qd5
27. b4 Qc6 28. Qe5 Rd5 29. Qf6 R8d7 30. f5 Rd2 31. Qg5 exf5 32. Rf3 Rxa2 33.
Re8+ Kg7 34. Qe3 Rd1+ 0-1

[Event "SR 3. liga A2 2008/2009"]
[Site "?"]
[Date "2009.01.11"]
[Round "5.6"]
[White "Obdrzalkova, Anitta"]
[Black "Kubica, Adrian"]
[Result "1/2-1/2"]
[WhiteElo "2005"]
[BlackElo "1927"]
[PlyCount "89"]
[EventDate "2008.??.??"]

1. d4 g6 2. c4 Bg7 3. Nc3 e6 4. Nf3 Ne7 5. Bg5 f6 6. Bc1 d5 7. e3 b6 8. cxd5
Nxd5 9. e4 Nxc3 10. bxc3 Bb7 11. Bd3 O-O 12. O-O Nd7 13. Qb3 Re8 14. Re1 Kh8
15. Ba3 Bf8 16. Bxf8 Nxf8 17. Re3 Kg7 18. Rae1 g5 19. Nd2 h5 20. Qd1 h4 21. Qg4
Ng6 22. Bc4 Bc8 23. e5 f5 24. Qf3 Rb8 25. Qd1 g4 26. Qb3 Qg5 27. d5 f4 28. Ne4
Qxe5 29. R3e2 f3 30. Re3 fxg2 31. Nc5 Qf6 32. Nxe6+ Bxe6 33. dxe6 Re7 34. Qd1
Rf8 35. Qd4 h3 36. Be2 Qxd4 37. cxd4 Rf4 38. d5 Nh4 39. Rg3 Nf3+ 40. Bxf3 Rxf3
41. Rxg4+ Kf6 42. Re3 Rxe3 43. fxe3 Rh7 44. Rf4+ Ke7 45. Rf3 1/2-1/2

[Event "SR 3. liga A2 2008/2009"]
[Site "?"]
[Date "2009.01.11"]
[Round "5.7"]
[White "Kosar, Mikulas ml"]
[Black "Takacs, Laszlo"]
[Result "0-1"]
[WhiteElo "1891"]
[BlackElo "1736"]
[PlyCount "82"]
[EventDate "2008.??.??"]

1. e4 c5 2. Bc4 e6 3. Nf3 Nc6 4. O-O Be7 5. d4 cxd4 6. Nxd4 a6 7. Nc3 Qc7 8.
Be3 Nxd4 9. Qxd4 Bf6 10. Qd3 b5 11. Bb3 Bxc3 12. bxc3 Bb7 13. Rad1 Nf6 14. f3
Rc8 15. Qe2 O-O 16. Bg5 Qc5+ 17. Be3 Qc7 18. Bg5 Qc5+ 19. Be3 Qh5 20. Qf2 Rfe8
21. Bd4 Qg6 22. Bxf6 Qxf6 23. Qd4 Red8 24. Qb6 Rb8 25. Qc7 Bc6 26. Rd6 Qxc3 27.
Rfd1 b4 28. Qa5 Rdc8 29. h3 Rb5 30. Qxa6 Ra8 31. Rxc6 Qxc6 32. Qxc6 dxc6 33.
Kf2 g6 34. Ke3 Rb7 35. Rd6 Rc7 36. Kd4 c5+ 37. Kc4 Kf8 38. e5 Ke7 39. c3 bxc3
40. Kxc3 c4 41. Bxc4 Rxa2 0-1

[Event "SR 3. liga A2 2008/2009"]
[Site "?"]
[Date "2009.01.11"]
[Round "5.8"]
[White "Mezei, Tibor"]
[Black "Kosar, Mikulas st"]
[Result "1-0"]
[WhiteElo "1640"]
[BlackElo "1862"]
[PlyCount "65"]
[EventDate "2008.??.??"]

1. d4 d5 2. c4 Nf6 3. Nf3 c6 4. cxd5 cxd5 5. Nc3 Bf5 6. e3 h6 7. Qb3 Bc8 8. Bd3
e6 9. Bd2 Be7 10. h3 O-O 11. Rc1 Nbd7 12. Nb5 a6 13. Nc3 Qb6 14. Qc2 Bd6 15. e4
dxe4 16. Bxe4 Nxe4 17. Nxe4 Be7 18. O-O Nf6 19. Nxf6+ Bxf6 20. Be3 Qd6 21. Rfd1
Bd7 22. d5 Rfc8 23. Qb3 b5 24. Rxc8+ Rxc8 25. dxe6 Qxe6 26. Qd3 Rd8 27. Qa3 Rc8
28. Rd6 Bxb2 29. Qd3 Rc3 30. Qd1 Qxa2 31. Rxd7 Qc4 32. Rd8+ Kh7 33. Qb1+ 1-0

[Event "SR 3. liga A2 2008/2009"]
[Site "?"]
[Date "2009.01.11"]
[Round "5.1"]
[White "Sekera, Branislav"]
[Black "Ivan, Imrich ml"]
[Result "1-0"]
[WhiteElo "2138"]
[BlackElo "2049"]
[PlyCount "77"]
[EventDate "2008.??.??"]

1. Nf3 Nf6 2. g3 g6 3. Bg2 Bg7 4. O-O O-O 5. d3 d5 6. c3 c6 7. Qc2 b6 8. Nbd2
Ba6 9. Re1 Nbd7 10. Nf1 Rc8 11. Bd2 e5 12. Rad1 Qc7 13. Qc1 Rfe8 14. Bh6 Bh8
15. Nh4 Ng4 16. Bd2 f5 17. f3 Ngf6 18. Bh6 Nc5 19. Bh3 Ne6 20. Bg5 Qf7 21. Bd2
Rcd8 22. Ne3 e4 23. fxe4 dxe4 24. d4 f4 25. Bxe6 Qxe6 26. gxf4 Qh3 27. Nhg2 Rd5
28. f5 g5 29. Nxd5 cxd5 30. Bxg5 Ng4 31. Qf4 h6 32. Bh4 Rf8 33. Qg3 Qxg3 34.
Bxg3 Rxf5 35. h3 Nf6 36. Kh2 Bc8 37. Rf1 Rh5 38. Nf4 Ng4+ 39. Kg1 1-0

[Event "SR 3. liga A2 2008/2009"]
[Site "?"]
[Date "2009.01.11"]
[Round "5.2"]
[White "Csefalvay, Stefan"]
[Black "Sturdik, Igor"]
[Result "0-1"]
[WhiteElo "1965"]
[BlackElo "2022"]
[PlyCount "68"]
[EventDate "2008.??.??"]

1. d4 Nf6 2. Nf3 e6 3. g3 d5 4. Bg2 c5 5. c4 dxc4 6. Qa4+ Bd7 7. Qxc4 Bc6 8.
Nc3 cxd4 9. Nb5 Qa5+ 10. Bd2 Qxb5 11. Qxb5 Bxb5 12. Nxd4 Bc6 13. Nxc6 Nxc6 14.
Rc1 Bd6 15. e4 O-O 16. O-O Rac8 17. Bc3 Bb4 18. a3 Bxc3 19. Rxc3 Ne7 20. Rb3 b6
21. h3 Rfd8 22. Re3 Rd2 23. b4 Rcc2 24. Bf3 g6 25. Bg2 Nh5 26. Bh1 Nf6 27. g4
Re2 28. g5 Nh5 29. Rd3 Nf4 30. Rg3 e5 31. Bf3 Red2 32. Bg4 Nc6 33. Re3 Nd4 34.
h4 Nd3 0-1

[Event "SR 3. liga A2 2008/2009"]
[Site "?"]
[Date "2009.01.11"]
[Round "5.3"]
[White "Lukac, Tomas"]
[Black "Vizvari, Ludovit"]
[Result "0-1"]
[WhiteElo "1824"]
[BlackElo "2039"]
[PlyCount "100"]
[EventDate "2008.??.??"]

1. e4 c5 2. Nf3 e6 3. d4 cxd4 4. Nxd4 a6 5. Bd3 Nf6 6. O-O Qc7 7. Qe2 d6 8. a4
Be7 9. Nc3 Bd7 10. Be3 Nc6 11. Nb3 Nb4 12. a5 Rc8 13. Na4 Bxa4 14. Rxa4 d5 15.
exd5 Nfxd5 16. Bd4 Qc6 17. Raa1 Nf4 18. Qg4 Nbxd3 19. cxd3 Ng6 20. Rac1 Qd7 21.
Rxc8+ Qxc8 22. Bxg7 Rg8 23. Qa4+ Qd7 24. Qxd7+ Kxd7 25. Bh6 Rc8 26. Rc1 Rxc1+
27. Bxc1 Bb4 28. g3 Ne5 29. Kg2 Nxd3 30. Kf3 Nxc1 31. Nxc1 Bxa5 32. Kg4 Bb6 33.
f4 Bd4 34. Nd3 Bg7 35. h4 b5 36. b4 Kc6 37. h5 Kd5 38. h6 Bf8 39. Ne5 Bxb4 40.
Nxf7 a5 41. Ng5 a4 42. Nxh7 Bc3 43. Kg5 a3 44. Nf6+ Bxf6+ 45. Kxf6 a2 46. h7
a1=Q+ 47. Kg6 Ke4 48. g4 Kxf4 49. g5 b4 50. Kh6 Qh1+ 0-1

[Event "SR 3. liga A2 2008/2009"]
[Site "?"]
[Date "2009.01.11"]
[Round "5.4"]
[White "Vegh, Vince"]
[Black "Lopatievov, Alexander"]
[Result "0-1"]
[WhiteElo "1917"]
[BlackElo "2020"]
[PlyCount "116"]
[EventDate "2008.??.??"]

1. e4 d5 2. exd5 Qxd5 3. Nc3 Qd8 4. d4 Nf6 5. h3 c6 6. Nf3 e6 7. Bd3 Bd6 8. Bg5
h6 9. Bh4 Nbd7 10. O-O Qc7 11. Ne2 O-O 12. Qd2 b6 13. c4 Bb7 14. b4 c5 15. dxc5
bxc5 16. bxc5 Bxc5 17. Bg3 Qc6 18. Rfd1 e5 19. Ne1 e4 20. Bxe4 Qxe4 21. Rac1
Rfe8 22. Nf4 Rac8 23. Nd5 Nxd5 24. cxd5 Bb4 25. Qb2 Rxc1 26. Rxc1 Bxd5 27. Nf3
Ba5 28. Qb5 Bd2 29. Rd1 Bc6 30. Qb2 Ba5 31. Qa3 Qb4 32. Qxb4 Bxb4 33. Nd4 Ba4
34. Rb1 Bc5 35. Nf3 Bc6 36. Rd1 Bxf3 37. gxf3 Nf6 38. Rd2 Re7 39. Kf1 Rd7 40.
Rc2 Bb6 41. Kg2 Nd5 42. Kf1 Nb4 43. Re2 Rd1+ 44. Kg2 Nd3 45. h4 Ne1+ 46. Kh3
Nxf3 47. Kg4 Nd4 48. Re8+ Kh7 49. Rf8 f5+ 50. Kh3 Kg6 51. Be5 Rd2 52. f4 Nf3
53. h5+ Kxh5 54. Bxg7 Rh2+ 55. Kg3 Rf2 56. Rxf5+ Kg6 57. Rf6+ Kxg7 58. Rxb6
axb6 0-1

[Event "SR 3. liga A2 2008/2009"]
[Site "?"]
[Date "2009.01.11"]
[Round "5.5"]
[White "Kozinka, Roman"]
[Black "Varkonyi, Miklos"]
[Result "0-1"]
[WhiteElo "2012"]
[BlackElo "1746"]
[PlyCount "51"]
[EventDate "2008.??.??"]

1. e4 c5 2. Nf3 d6 3. Nc3 Nf6 4. d4 cxd4 5. Nxd4 a6 6. Be2 Qc7 7. Bg5 Nbd7 8.
a4 b6 9. f4 Bb7 10. Bf3 h6 11. Bh4 e5 12. fxe5 dxe5 13. Nf5 g6 14. Ne3 Bb4 15.
O-O Bxc3 16. bxc3 O-O 17. Qe1 Bxe4 18. Bxe4 Nxe4 19. Ng4 f5 20. Rd1 Rad8 21.
Bxd8 Rxd8 22. Nxh6+ Kg7 23. Qh4 Ndf6 24. Rxd8 Qxd8 25. h3 Qc8 26. Rxf5 0-1

[Event "SR 3. liga A2 2008/2009"]
[Site "?"]
[Date "2009.01.11"]
[Round "5.6"]
[White "Szabo, Julius"]
[Black "Zarecky, Eduard"]
[Result "0-1"]
[WhiteElo "1761"]
[BlackElo "1948"]
[PlyCount "52"]
[EventDate "2008.??.??"]

1. Nf3 Nc6 2. b3 Nf6 3. Bb2 d5 4. e3 g6 5. Bb5 Bd7 6. c4 a6 7. Bxc6 Bxc6 8. Ne5
Qd6 9. Nxc6 Qxc6 10. Qf3 Rd8 11. O-O Qe6 12. Rd1 Bg7 13. cxd5 Qxd5 14. Qxd5
Rxd5 15. e4 Rd3 16. e5 Nd5 17. Na3 O-O 18. Kf1 Rd8 19. Rac1 Bh6 20. Nc4 b5 21.
Ne3 Bxe3 22. dxe3 Nxe3+ 23. Ke2 Nxd1 24. Ba3 Nc3+ 25. Ke1 Rd1+ 26. Rxd1 Rxd1#
0-1